MARC details
| 000 -CABECERA |
| campo de control de longitud fija |
00854cam a22002291 4500 |
| 001 - NÚMERO DE CONTROL |
| campo de control |
000011800 |
| 005 - FECHA Y HORA DE LA ÚLTIMA TRANSACCIÓN |
| campo de control |
20200929162554.0 |
| 008 - DATOS DE LONGITUD FIJA--INFORMACIÓN GENERAL |
| campo de control de longitud fija |
800418s1960 es b 100 0 spa |
| 010 ## - NÚMERO DE CONTROL DE LA BIBLIOTECA DEL CONGRESO |
| Número de control de LC |
66039905 |
| 035 ## - NÚMERO DE CONTROL DEL SISTEMA |
| Número de control de sistema |
(OCoLC)6217337 |
| 040 ## - FUENTE DE LA CATALOGACIÓN |
| Centro catalogador/agencia de origen |
DO-SdBNP |
| Centro/agencia transcriptor |
TxU |
| Centro/agencia modificador |
DLC |
| 042 ## - CÓDIGO DE AUTENTICACIÓN |
| Código de autenticación |
premarc |
| 050 00 - SIGNATURA TOPOGRÁFICA DE LA BIBLIOTECA DEL CONGRESO |
| Número de clasificación |
PC4068.S3 |
| Número de documento/Ítem |
M4 |
| 111 2# - ENTRADA PRINCIPAL--NOMBRE DE CONGRESO/REUNIÓN |
| Nombre de congreso/reunión o jurisdicción como elemento de entrada |
Mesa Redonda sobre la Conservacion y Ensenanza del Castellano |
| Número del congreso/reunión o número de parte o sección |
(1st : |
| Fecha del congreso/reunión |
1960 : |
| Sede del congreso/Lugar de la reunión |
San Salvador) |
| 9 (RLIN) |
27935 |
| 245 10 - MENCIÓN DE TÍTULO |
| Título |
Primera Mesa Redonda sobre la Conservacion y Ensenanza del Castellano. |
| 260 ## - PUBLICACIÓN, DISTRIBUCIÓN, ETC. |
| Lugar de publicación, distribución, etc. |
San Salvador, : |
| Nombre del editor, distribuidor, etc. |
Ministerio de Cultura. Departamento Editorial, |
| Fecha de publicación, distribución, etc. |
[1960]. |
| 300 ## - DESCRIPCIÓN FÍSICA |
| Extensión |
141 p. ; |
| Dimensiones |
25 cm. |
| 504 ## - NOTA DE BIBLIOGRAFÍA, ETC. |
| Nota de bibliografía, etc. |
Bibliography: p. 103-105. |
| 650 #0 - PUNTO DE ACCESO ADICIONAL DE MATERIA--TÉRMINO DE MATERIA |
| Término de materia o nombre geográfico como elemento de entrada |
Spanish language |
| Subdivisión general |
Study and teaching |
| Subdivisión geográfica |
El Salvador. |
| 9 (RLIN) |
27936 |
| 710 1# - PUNTO DE ACCESO ADICIONAL--NOMBRE DE ENTIDAD CORPORATIVA |
| Nombre de entidad corporativa o nombre de jurisdicción como elemento de entrada |
El Salvador. |
| Unidad subordinada |
Departamento de Educacion. |
| 9 (RLIN) |
27937 |
| 910 ## - DATOS DE OPCIÓN DEL USUARIO (OCLC) |
| Datos de opción del usuario |
Catalogación por copia / LC |